Microcomputer processing and analysis of sample survey in education : a methodological case study /

Guardado en:
Detalles Bibliográficos
Autor principal: Kuo, Sheng
Autor Corporativo: Unesco. Principal Regional Office for Asia and the Pacific
Formato: Libro
Publicado: Bangkok : Unesco Principal Regional Office for Asia and the Pacific, 1988.
Materias:
LEADER 01198nam a2200289 a 4500
001 c000166426
003 CARM
005 20030624120723.0
008 890522s1988 th a i000 0 d
019 1 |a 6198054  |5 LACONCORD2021 
035 |a (OCoLC)18964231  |5 LACONCORD2021 
040 |a NCLN  |b eng  |c NCLN  |d XNTU 
043 |a a-cc--- 
082 0 4 |a 371.2/00285 
082 0 4 |a 370/.51 
100 1 |a Kuo, Sheng. 
245 1 0 |a Microcomputer processing and analysis of sample survey in education :  |b a methodological case study /  |c by Guo Sheng. 
260 |a Bangkok :  |b Unesco Principal Regional Office for Asia and the Pacific,  |c 1988. 
300 |a 37 p. :  |b ill. ;  |c 27 cm. 
650 0 |a School management and organization  |z China  |x Data processing. 
650 0 |a Students  |z China  |x Health and hygiene. 
650 0 |a Education  |z China. 
650 0 |a Educational surveys  |z China  |x Data processing. 
710 2 |a Unesco.  |b Principal Regional Office for Asia and the Pacific 
852 8 |b CARM  |h A2:AN25F0  |i C06020  |p 0230169  |f BK 
999 f f |i a8cb39e4-e338-59bf-84b6-b66c92f675b3  |s 6d690fcb-42b4-55a0-a8aa-f0fa1cd90c95 
952 f f |p Can circulate  |a CAVAL  |b CAVAL  |c CAVAL  |d CARM 1 Store  |e C06020  |f A2:AN25F0  |h Other scheme  |i book  |m 0230169